00257 a2200121 4500001000700000020002200007040001100029100001800040240003300058245002800091300000700119362000900126188794 a978-85-63313-04-1 cMagnum aKlink, Tamara10aFérias na Antárticalpor10aFérias na Antártica a710 a2010